Kraje produkujące najwięcej ziemniaków - Statystyki

Ogólne statystyki
  • Ten quiz został rozwiązany 363 razy
    115 od ostatniego zresetowania
  • Średni wynik to 15 z 20
Statystyki odpowiedzi
Tony Kraj % Poprawnych
6 030 930 Polska
100%
95 570 055 Chiny
98%
18 887 678 Rosja
98%
17 791 840 Stany Zjednoczone
97%
56 176 000 Indie
94%
3 889 797 Brazylia
92%
8 067 380 Francja
92%
10 683 400 Niemcy
92%
20 899 210 Ukraina
89%
6 248 376 Kanada
85%
4 797 301 Wielka Brytania
78%
3 857 256 Białoruś
74%
5 200 000 Turcja
65%
4 080 472 Kazachstan
64%
6 915 900 Holandia
55%
7 936 884 Pakistan
52%
6 155 466 Egipt
48%
6 021 030 Peru
47%
4 299 816 Algieria
29%
10 144 835 Bangladesz
29%
Nie znaleziono quizów pasujących do podanych kryteriów
Rozkład punktacji
Procent ludzi z każdym wynikiem
Percentyl według liczby udzielonych odpowiedzi
Twoja historia wyników
Nie rozwiązałeś tego quizu od ostatniego zresetowania